| 000 | 00668nam a2200241Ia 4500 | ||
|---|---|---|---|
| 003 | OSt | ||
| 005 | 20221006153552.0 | ||
| 006 | a|||||r|||| 00| 0 | ||
| 007 | ta | ||
| 008 | 221006b |||||||| |||| 00| 0 eng d | ||
| 024 | _a32,719 | ||
| 037 | _cSeries Articles | ||
| 040 |
_aEASL _cEASL _beng |
||
| 041 |
_2eng _aeng |
||
| 100 |
_aDonaldson John A Au. _9664447 |
||
| 245 | 0 | _aTourism, development and poverty reduction in Guizhou and Yunnan | |
| 260 |
_aLondon _bCambridge University Press UK _c2007 |
||
| 300 |
_a333-351 _ccm. |
||
| 490 | _v190 | ||
| 650 | _aTourism | ||
| 942 |
_cREF _2CC |
||
| 999 |
_c1100805 _d1100805 |
||